000 00893nam a2200205 a 4500
001 000287764
003 AM-YeHGA
005 20250618071900.0
008 031126s1965 ai |||||r|||||||||0|arm|d
040 _aAM-YeHGA
041 1 _aarm
100 1 _aԲրեժնև, Լեոնիդ Իլյիչ,
_d1906-1982
245 1 0 _aՍովետական ժողովրդի մեծ հաղթանակը :
_bԶեկուցում Կրեմլում 1965 թ. մայիսի 8-ին կայացած հանդիսավոր ժողովում, նվիրված Հայրեն. Մեծ պատերազմի 20-ամյակին /
_cԼ.Ի. Բրեժնև.
260 _aԵրևան :
_bՀայաստան,
_c1965.
300 _a54 էջ ;
_c20 սմ.
650 1 4 _aԿոմունիստական կուսակցության պատմություն
_95071
650 1 4 _aՀայրենական Մեծ պատերազմ
_9887
942 _2udc
_cBK
090 _c106693
999 _c105369
_d105369